[Event "Basso Veronese op 6th"]
[Site "Casaleone"]
[Date "2013.05.19"]
[Round "4"]
[White "Benaddi, Redouane"]
[Black "Leone, Cataldo"]
[Result "1-0"]
[WhiteElo "1761"]
[BlackElo "1610"]
[PlyCount "115"]
[EventDate "2013.05.17"]
[EventType "swiss"]
[EventRounds "5"]
[EventCountry "ITA"]
[SourceTitle "EXT 2014"]
[Source "ChessBase"]
[SourceDate "2013.11.20"]
[SourceVersion "1"]
[SourceVersionDate "2013.11.20"]
[SourceQuality "1"]

1. d4 d5 2. c4 e6 3. Nc3 Nf6 4. Bg5 Be7 5. Nf3 Nc6 6. e3 h6 7. Bh4 b6 8. Rc1 Bb7 9. Bxf6 Bxf6 10. cxd5 exd5 11. Qb3 Ne7 12. Bb5+ c6 13. Bd3 0-0 14. 0-0 Bc8 15. h3 Bf5 16. Ne2 Rc8 17. Ng3 Bxd3 18. Qxd3 c5 19. Nh5 Ng6 20. b3 Be7 21. Rfd1 Qd6 22. dxc5 bxc5 23. Qxd5 Qa6 24. Qc4 Qxc4 25. Rxc4 a5 26. Ng3 Rfd8 27. Rdc1 Rd7 28. Nf5 Bf8 29. h4 Rdc7 30. h5 Ne7 31. Nd6 Rd8 32. Ne4 Nf5 33. g4 Nd6 34. Rxc5 Rxc5 35. Nxc5 Rc8 36. Nd3 Rd8 37. Nd4 Be7 38. Rc5 Ra8 39. Nc6 Nc8 40. Rxa5 Rxa5 41. Nxa5 Kf8 42. Nc6 Bf6 43. e4 Bc3 44. b4 Ke8 45. b5 Kd7 46. a4 Nb6 47. a5 Nc4 48. a6 Nb6 49. f4 f6 50. Kf2 Na8 51. e5 fxe5 52. fxe5 Ke6 53. Ke3 Nb6 54. Ke4 Nc4 55. Nc5+ Kf7 56. Nd7 Ke6 57. Nc5+ Kf7 58. e6+ 1-0

[Event "Basso Veronese op 6th"]
[Site "Casaleone"]
[Date "2013.05.17"]
[Round "1"]
[White "Fongarolli, Diego"]
[Black "Benaddi, Redouane"]
[Result "1-0"]
[WhiteElo "2073"]
[BlackElo "1761"]
[PlyCount "75"]
[EventDate "2013.05.17"]
[EventType "swiss"]
[EventRounds "5"]
[EventCountry "ITA"]
[SourceTitle "EXT 2014"]
[Source "ChessBase"]
[SourceDate "2013.11.20"]
[SourceVersion "1"]
[SourceVersionDate "2013.11.20"]
[SourceQuality "1"]

1. e4 b6 2. d4 Bb7 3. Bd3 Nf6 4. Qe2 e6 5. Nf3 h6 6. 0-0 a5 7. a3 Be7 8. e5 Nh7 9. Be3 Ng5 10. Nxg5 hxg5 11. Nd2 d5 12. f4 g4 13. f5 Kd7 14. Qxg4 Qg8 15. fxe6+ fxe6 16. Bg6 Rh4 17. Qg3 Nc6 18. Rf7 Ba6 19. Nf3 Re4 20. Ng5 Rxe3 21. Qxe3 Nxd4 22. Qxd4 Qxf7 23. Bxf7 Bc5 24. Bxe6+ Ke7 25. Qxc5+ bxc5 26. Bxd5 Rf8 27. Nf3 c4 28. b3 cxb3 29. cxb3 c5 30. Rc1 Rc8 31. Kf2 a4 32. bxa4 c4 33. Rc3 Rc5 34. Be4 Bc8 35. Ke3 Bd7 36. Kd4 Ra5 37. Rxc4 Bxa4 38. Rc7+ 1-0